| 000 | 01144nac a22003737a 4500 | ||
|---|---|---|---|
| 001 | BR9702450 | ||
| 003 | BR-BrBNA | ||
| 005 | 20240105121918.0 | ||
| 008 | 230509b bl.|||m| |||| 00| 0 por d | ||
| 040 |
_aBR-BrBNA _bpor _cBiblioteca Nacional de Agricultura |
||
| 072 | _aF01; F08 | ||
| 090 | _a0430 BR9702450 | ||
| 100 | 1 | _aFreire, E.C. | |
| 100 | 1 | _aSoares, J.J. | |
| 100 | 1 | _aFarias, F.J.C. | |
| 100 | 1 | _aArantes, E.M. | |
| 100 | 1 | _aAndrade, F.P. de | |
| 100 | 1 | _aParo, H. | |
| 100 | 1 | _aLaca-Buendia, J.P.L. | |
| 110 | 1 |
_aCentro Nacional de Pesquisa do Algodao, Campina Grande, PB (Brasil) _91702 |
|
| 245 | 1 | _aCultura do algodoeiro no estado de Mato Grosso | |
| 260 | 3 |
_aCampo Grande, PB (Brasil): _c1997. |
|
| 300 | _a65 p. | ||
| 490 |
_aCircular Tecnica - Centro Nacional de Pesquisa de Algodao (Brazil) _vno. 23 _xISSN 0100-6460 |
||
| 500 | _a27 ref.; 12 illus.; 13 tables | ||
| 650 | _aAlgodao | ||
| 650 | _aPratica Cultural | ||
| 650 | _aCalagem | ||
| 650 | _aAdubacao | ||
| 650 | _aRotacao de Cultura | ||
| 650 | _aVariedade | ||
| 909 |
_a202312 _bLúcia Elande _c55 _dLúcia Elande |
||
| 942 |
_2AGRIS _n0 _cMS |
||
| 999 |
_c288183 _d288183 |
||